[Event "19th Amber Blindfold"]
[Site "Nice FRA"]
[Date "2010.03.25"]
[Round "11"]
[White "Grischuk, A."]
[Black "Carlsen, M."]
[Result "1-0"]
[WhiteElo "2756"]
[BlackElo "2813"]
[PlyCount "51"]
[EventDate "2010.03.13"]

1. d4 Nf6 2. c4 g6 3. Nc3 Bg7 4. e4 d6 5. Bg5 O-O 6. Qd2 Na6 7. Bd3 e5 8. d5
Qe8 9. Nge2 Nh5 10. f3 f5 11. O-O-O Nc5 12. Bc2 Bd7 13. Rde1 fxe4 14. Nxe4 Nxe4
15. fxe4 b5 16. cxb5 Rf2 17. Rhg1 Nf4 18. Qe3 Rxg2 19. Nxf4 exf4 20. Bxf4 Rxg1
21. Rxg1 Qe7 22. Bd3 Rf8 23. Rf1 Qh4 24. Bg3 Rxf1+ 25. Bxf1 Qxe4 26. Qxe4 1-0

[Event "19th Amber Rapid"]
[Site "Nice FRA"]
[Date "2010.03.25"]
[Round "11"]
[White "Carlsen, M."]
[Black "Grischuk, A."]
[Result "1-0"]
[WhiteElo "2813"]
[BlackElo "2756"]
[PlyCount "81"]
[EventDate "2010.03.13"]
[EventType "rapid"]

1. d4 Nf6 2. c4 e6 3. Nf3 d5 4. Nc3 Bb4 5. cxd5 exd5 6. Bg5 Nbd7 7. Rc1 c6 8.
Qc2 h6 9. Bh4 g5 10. Bg3 Ne4 11. Nd2 Ndf6 12. e3 Nxg3 13. hxg3 Qe7 14. Bd3 Be6
15. a3 Bd6 16. Na4 Rd8 17. Nc5 Bc8 18. b4 Ng4 19. Nf1 h5 20. Bf5 Bxf5 21. Qxf5
Rh6 22. Rc2 a5 23. f3 Nf6 24. Qxg5 Rg6 25. Qf5 axb4 26. axb4 Ra8 27. g4 Ra1+
28. Ke2 Bxc5 29. bxc5 hxg4 30. Rh8+ Ng8 31. f4 Kf8 32. Ng3 Re6 33. Qxg4 Rg6 34.
Qc8+ Qe8 35. Qxe8+ Kxe8 36. Kf3 Kd7 37. Rb2 Kc7 38. Rh7 Nh6 39. Nf5 Rf1+ 40.
Rf2 Rxf2+ 41. Kxf2 1-0

[Event "19th Amber Blindfold"]
[Site "Nice FRA"]
[Date "2010.03.24"]
[Round "10"]
[White "Carlsen, M."]
[Black "Ponomariov, R."]
[Result "1-0"]
[WhiteElo "2813"]
[BlackElo "2737"]
[PlyCount "81"]
[EventDate "2010.03.13"]

1. e4 e5 2. Nf3 Nc6 3. Bb5 a6 4. Ba4 Nf6 5. O-O Bc5 6. c3 O-O 7. d3 b5 8. Bb3
d6 9. Bg5 h6 10. Bh4 Be6 11. Nbd2 g5 12. Bg3 Bb6 13. Re1 Nd7 14. Nf1 Qf6 15.
Ne3 Bxe3 16. Rxe3 Ne7 17. Bc2 Ng6 18. d4 Nb6 19. b3 h5 20. h3 h4 21. Bh2 g4 22.
hxg4 Bxg4 23. Qd2 Kg7 24. Rf1 Rh8 25. Ne1 c5 26. f3 Be6 27. f4 exf4 28. Ref3 h3
29. Bxf4 hxg2 30. Qxg2 Qh4 31. Bg5 Qh5 32. Bf6+ Kh7 33. Kf2 Kg8 34. Bxh8 Qxh8
35. e5 Qh4+ 36. Kg1 Kh8 37. Rg3 Rg8 38. Bxg6 Nd5 39. Nf3 Qh6 40. Bb1 Qe3+ 41.
Kh1 1-0

[Event "19th Amber Rapid"]
[Site "Nice FRA"]
[Date "2010.03.23"]
[Round "9"]
[White "Carlsen, M."]
[Black "Dominguez Perez, L."]
[Result "1-0"]
[WhiteElo "2813"]
[BlackElo "2713"]
[PlyCount "93"]
[EventDate "2010.03.13"]
[EventType "rapid"]

1. e4 c5 2. Nf3 d6 3. d4 cxd4 4. Nxd4 Nf6 5. Nc3 a6 6. Be2 e5 7. Nb3 Be7 8. O-O
O-O 9. Kh1 Nc6 10. f4 b5 11. Be3 Bb7 12. a4 Nb4 13. Qd2 d5 14. fxe5 Nxe4 15.
Nxe4 dxe4 16. Nd4 Nd5 17. Nf5 Qc7 18. Bd4 e3 19. Qe1 Bc5 20. Bxc5 Qxc5 21. Bd3
Bc8 22. Nd6 Qd4 23. axb5 Be6 24. bxa6 Qxe5 25. Qh4 f5 26. Nc4 Qf6 27. Qh3 f4
28. Qxh7+ Kf7 29. Qe4 Kg8 30. Ra5 Rfd8 31. Nxe3 Nxe3 32. Rxf4 Nf5 33. Raxf5
Bxf5 34. Rxf5 Qh6 35. h3 Ra7 36. Qc4+ Kh8 37. Qc5 g6 38. Rf6 Rg7 39. Rf8+ Rxf8
40. Qxf8+ Kh7 41. Kh2 Qe3 42. Qd6 Qg5 43. b4 Re7 44. b5 Re5 45. Qxg6+ Qxg6 46.
Bxg6+ Kxg6 47. a7 1-0

[Event "19th Amber Rapid"]
[Site "Nice FRA"]
[Date "2010.03.21"]
[Round "8"]
[White "Kramnik, V."]
[Black "Carlsen, M."]
[Result "1/2-1/2"]
[WhiteElo "2790"]
[BlackElo "2813"]
[PlyCount "180"]
[EventDate "2010.03.13"]
[EventType "rapid"]

1. d4 Nf6 2. c4 g6 3. Nc3 Bg7 4. e4 d6 5. Nf3 O-O 6. Be2 e5 7. O-O Nc6 8. d5
Ne7 9. b4 a5 10. Ba3 Nd7 11. bxa5 Rxa5 12. Bb4 Ra8 13. a4 Bh6 14. a5 f5 15. Bd3
Kh8 16. Re1 Nf6 17. c5 fxe4 18. cxd6 cxd6 19. Nxe4 Nxe4 20. Bxe4 Bf5 21. Rb1
Qd7 22. h3 Rac8 23. Qb3 Rf7 24. Bc3 Bxe4 25. Rxe4 Qf5 26. Rbe1 Rc5 27. Bxe5+
dxe5 28. Rxe5 Qf6 29. Re6 Qf4 30. Rxe7 Rxe7 31. Rxe7 Rc1+ 32. Ne1 Bf8 33. Qb2+
Kg8 34. Re8 Rd1 35. Qxb7 Qf7 36. Qc8 Kg7 37. Qc3+ Kg8 38. Re5 Qf4 39. Qb3 Bc5
40. d6+ Kg7 41. Re7+ Kh6 42. Qc2 Rc1 43. Re4 Rxc2 44. Rxf4 Rc1 45. Kf1 Bxd6 46.
Ra4 Bc5 47. Ke2 Ba7 48. Ra2 Kg5 49. Nd3 Rc4 50. Rb2 Ra4 51. Rb5+ Kf6 52. Nb4
Ke6 53. f4 Kd6 54. g4 Ra3 55. Nd3 Ra2+ 56. Kf3 Ra3 57. Ke2 Ra2+ 58. Ke1 Bd4 59.
f5 gxf5 60. Rxf5 Rxa5 61. Rxa5 Bc3+ 62. Ke2 Bxa5 63. Kf3 Ke6 64. Ke4 Kf6 65. h4
Bc7 66. Nf4 Ba5 67. g5+ Kf7 68. Kf5 Bd2 69. Nd5 Kg7 70. h5 Kf7 71. Nf6 Kg7 72.
Ne4 Bc1 73. Nf6 Bd2 74. Ne8+ Kg8 75. Kf6 Bf4 76. Kf5 Bc1 77. Nc7 Kf7 78. Nd5
Kg7 79. Nc3 Be3 80. Ne4 Bc1 81. h6+ Kh8 82. Ke6 Kg8 83. Ke7 Bxg5+ 84. Nxg5 Kh8
85. Kf6 Kg8 86. Nf7 Kf8 87. Ne5 Kg8 88. Ke7 Kh8 89. Ke6 Kg8 90. Nf7 Kf8 1/2-1/2

[Event "Wch Blitz"]
[Site "Moscow"]
[Date "2009.11.18"]
[Round "33"]
[White "Dominguez Perez, Leinier"]
[Black "Carlsen, Magnus"]
[Result "1/2-1/2"]
[WhiteElo "2719"]
[BlackElo "2801"]
[PlyCount "111"]
[EventDate "2009.11.16"]
[EventType "tourn (blitz)"]
[EventRounds "42"]
[EventCountry "RUS"]
[EventCategory "19"]
[WhiteTeam "Egypt"]
[BlackTeam "Norway"]
[WhiteTeamCountry "EGY"]
[BlackTeamCountry "NOR"]

1. e4 c5 2. Nf3 d6 3. d4 cxd4 4. Nxd4 Nf6 5. Nc3 a6 6. Be3 Ng4 7. Bc1 Nf6 8.
Be3 e5 9. Nb3 Be6 10. f3 h5 11. Qd2 Nbd7 12. Nd5 Bxd5 13. exd5 g6 14. O-O-O Nb6
15. Qa5 Bh6 16. Bxh6 Rxh6 17. Kb1 Kf8 18. h4 Rc8 19. Qb4 Kg7 20. c4 Rh8 21. Be2
Re8 22. g3 Qc7 23. Rc1 e4 24. f4 e3 25. Qc3 Na4 26. Qb4 Nc5 27. Nxc5 Qxc5 28.
Qc3 b5 29. b4 Qa7 30. g4 hxg4 31. h5 Qe7 32. c5 Rh8 33. Bxg4 Rc7 34. Bf3 Rcc8
35. c6 gxh5 36. Rce1 Rce8 37. Rhg1+ Kf8 38. c7 Rc8 39. Rc1 Rh6 40. Rge1 Ng4 41.
Bxg4 hxg4 42. Rxe3 Qf6 43. Qc2 Qxf4 44. Re4 Qf3 45. Ree1 Qf4 46. a3 Rh2 47. Re2
Rxe2 48. Qxe2 Qf5+ 49. Kb2 Qxd5 50. Qxg4 Qe5+ 51. Kb1 Qe6 52. Qh4 Qb3+ 53. Ka1
Qxa3+ 54. Kb1 Qb3+ 55. Ka1 Qa3+ 56. Kb1 1/2-1/2

[Event "Wch Blitz"]
[Site "Moscow"]
[Date "2009.11.18"]
[Round "32"]
[White "Carlsen, Magnus"]
[Black "Tkachiev, Vladislav"]
[Result "1-0"]
[WhiteElo "2801"]
[BlackElo "2642"]
[PlyCount "101"]
[EventDate "2009.11.16"]
[EventType "tourn (blitz)"]
[EventRounds "42"]
[EventCountry "RUS"]
[EventCategory "19"]
[WhiteTeam "Egypt"]
[BlackTeam "Norway"]
[WhiteTeamCountry "EGY"]
[BlackTeamCountry "NOR"]

1. e4 e5 2. Nf3 Nc6 3. d4 exd4 4. Nxd4 Bc5 5. Nb3 Bb6 6. Qe2 d6 7. Be3 Nf6 8.
Nc3 Qe7 9. O-O-O Be6 10. f3 O-O-O 11. Bxb6 axb6 12. Nd4 Kb8 13. Qe3 Rhe8 14.
Bb5 Bd7 15. Nde2 Qe5 16. Qf4 Qxf4+ 17. Nxf4 Ne5 18. Bxd7 Rxd7 19. b3 c6 20. a4
Kc7 21. h4 Ng6 22. Nfe2 h5 23. Kb2 Red8 24. Ng3 Nf4 25. Nce2 Nxe2 26. Nxe2 Re8
27. Nf4 g6 28. Rd4 Red8 29. Rhd1 Re8 30. Rc4 Kb8 31. Rd2 Red8 32. Rcd4 Kc7 33.
b4 Re8 34. b5 Rc8 35. Nd3 c5 36. Rc4 d5 37. exd5 Rxd5 38. Rf4 Rd6 39. Re2 Rf8
40. Ne5 Re6 41. Nxg6 Rxe2 42. Nxf8 Nd5 43. Rxf7+ Kc8 44. g4 hxg4 45. fxg4 Ne3
46. Nd7 Rxc2+ 47. Kb1 Rg2 48. Nxb6+ Kb8 49. a5 c4 50. a6 bxa6 51. bxa6 1-0

[Event "Wch Blitz"]
[Site "Moscow"]
[Date "2009.11.18"]
[Round "37"]
[White "Carlsen, Magnus"]
[Black "Gelfand, Boris"]
[Result "1/2-1/2"]
[WhiteElo "2801"]
[BlackElo "2758"]
[PlyCount "147"]
[EventDate "2009.11.16"]
[EventType "tourn (blitz)"]
[EventRounds "42"]
[EventCountry "RUS"]
[EventCategory "19"]
[WhiteTeam "Egypt"]
[BlackTeam "Norway"]
[WhiteTeamCountry "EGY"]
[BlackTeamCountry "NOR"]

1. d4 Nf6 2. c4 e6 3. Nc3 c5 4. Nf3 cxd4 5. Nxd4 Nc6 6. a3 Be7 7. g3 Qb6 8. Nf3
O-O 9. Bg2 Rd8 10. O-O d5 11. cxd5 exd5 12. Na4 Qa6 13. Be3 Bg4 14. Bc5 Re8 15.
Bxe7 Rxe7 16. e3 Ne5 17. Nc3 Rd8 18. Rc1 Ree8 19. Kh1 Ne4 20. Nxd5 Qe6 21. Nc7
Rxd1 22. Nxe6 Rxf1+ 23. Rxf1 Bxf3 24. Nd4 Bxg2+ 25. Kxg2 Rc8 26. Rd1 g6 27. f3
Nf6 28. Kf2 Nc4 29. Rc1 Nd6 30. Rd1 Nf5 31. Ne2 Rc2 32. e4 Ne7 33. b3 Nc6 34.
Ke3 Rb2 35. Rd3 Rc2 36. h4 Ne5 37. Rc3 Rxc3+ 38. Nxc3 Kf8 39. Nb5 Nc6 40. Nd6
b6 41. g4 Ke7 42. Nb5 Nd7 43. b4 a5 44. bxa5 bxa5 45. f4 h5 46. gxh5 gxh5 47.
e5 Nc5 48. Nd6 Ke6 49. Ne8 Ne7 50. Ng7+ Kd5 51. Nxh5 Nf5+ 52. Kf3 Nxh4+ 53. Kg4
Ng2 54. Nf6+ Ke6 55. Nh7 Ne3+ 56. Kf3 Nc4 57. Ng5+ Ke7 58. Ke2 Nxa3 59. f5 a4
60. e6 f6 61. Nf3 Nb5 62. Kd2 a3 63. Kc2 Ne4 64. Kb3 Ned6 65. Nh4 Nd4+ 66. Kxa3
N4xf5 67. Ng6+ Ke8 68. Nf4 Ng7 69. Kb4 f5 70. Kc5 Ke7 71. Kd5 Nb5 72. Ke5 Nc7
73. Ng6+ Ke8 74. Nh4 1/2-1/2

[Event "Wch Blitz"]
[Site "Moscow"]
[Date "2009.11.18"]
[Round "30"]
[White "Carlsen, Magnus"]
[Black "Grischuk, Alexander"]
[Result "1-0"]
[WhiteElo "2801"]
[BlackElo "2736"]
[PlyCount "177"]
[EventDate "2009.11.16"]
[EventType "tourn (blitz)"]
[EventRounds "42"]
[EventCountry "RUS"]
[EventCategory "19"]
[WhiteTeam "Egypt"]
[BlackTeam "Norway"]
[WhiteTeamCountry "EGY"]
[BlackTeamCountry "NOR"]

1. d4 Nf6 2. c4 e6 3. Nc3 Bb4 4. Qc2 O-O 5. a3 Bxc3+ 6. Qxc3 b6 7. Bg5 Bb7 8.
Nf3 d6 9. Nd2 Nbd7 10. f3 h6 11. Bh4 c5 12. e4 Re8 13. Bd3 e5 14. d5 Nf8 15.
Bf2 N6d7 16. Nf1 Ng6 17. g3 Qf6 18. Be2 Ne7 19. h4 Qg6 20. h5 Qg5 21. g4 Nc8
22. Bh4 Qf4 23. Ne3 g5 24. hxg6 fxg6 25. Bf2 Ne7 26. Ng2 Qf8 27. Be3 g5 28. Bd2
Nf6 29. Ne3 Bc8 30. Nf5 Nxf5 31. gxf5 Re7 32. O-O-O Rh7 33. Rdg1 Kh8 34. Be3
Bd7 35. b4 Qe7 36. Kd2 Rc8 37. bxc5 bxc5 38. Rb1 Be8 39. Rb2 g4 40. Rbb1 Bh5
41. Bf2 Rg8 42. Bh4 gxf3 43. Bxf3 Bxf3 44. Qxf3 Qf7 45. Rbg1 Rhg7 46. Rxg7 Rxg7
47. Bf2 Kh7 48. Bh4 Rg8 49. Rb1 Rg7 50. Kc2 Ng4 51. f6 Rg6 52. Qe2 Qd7 53. Qf3
Qf7 54. Rb8 Nxf6 55. Qf5 Kg7 56. Qc8 Rg2+ 57. Kb3 Qh5 58. Rb7+ Kg6 59. Qf5+
Qxf5 60. exf5+ Kxf5 61. Rxa7 Ne4 62. Rf7+ Kg6 63. Rd7 Rg4 64. Be7 Nd2+ 65. Ka4
Nxc4 66. Kb5 Nxa3+ 67. Kc6 Nc4 68. Bxd6 Nxd6 69. Rxd6+ Kg5 70. Kxc5 h5 71. Re6
Kf5 72. Rh6 h4 73. d6 Rd4 74. Kc6 Kg5 75. Re6 e4 76. d7 h3 77. Rd6 Rxd6+ 78.
Kxd6 h2 79. d8=Q+ Kg4 80. Qh8 Kg3 81. Ke5 e3 82. Qg7+ Kf3 83. Qb7+ Kf2 84. Qh1
e2 85. Qxh2+ Kf1 86. Qh3+ Kf2 87. Qh4+ Kf1 88. Qf4+ Kg2 89. Qe3 1-0

[Event "Wch Blitz"]
[Site "Moscow"]
[Date "2009.11.18"]
[Round "36"]
[White "Carlsen, Magnus"]
[Black "Naiditsch, Arkadij"]
[Result "1-0"]
[WhiteElo "2801"]
[BlackElo "2689"]
[PlyCount "99"]
[EventDate "2009.11.16"]
[EventType "tourn (blitz)"]
[EventRounds "42"]
[EventCountry "RUS"]
[EventCategory "19"]
[WhiteTeam "Egypt"]
[BlackTeam "Norway"]
[WhiteTeamCountry "EGY"]
[BlackTeamCountry "NOR"]

1. e4 e5 2. Nf3 Nc6 3. d4 exd4 4. Nxd4 Bc5 5. Nb3 Bb6 6. Qe2 d6 7. Be3 Nf6 8.
Nc3 O-O 9. O-O-O Re8 10. f3 Be6 11. Bxb6 axb6 12. Qd2 Bxb3 13. cxb3 Qe7 14. Bb5
Qe5 15. Kb1 Red8 16. a3 Ne7 17. f4 Qe6 18. e5 Nh5 19. g3 g6 20. Bc4 Qf5+ 21.
Bd3 Qe6 22. Nb5 Qxb3 23. exd6 cxd6 24. Rhe1 Nc6 25. Qc2 Qxc2+ 26. Bxc2 d5 27.
Nc7 Ra5 28. Re8+ Rxe8 29. Nxe8 d4 30. Nd6 Nf6 31. Bb3 Kg7 32. Nxb7 Rh5 33. Nd6
Rxh2 34. Rc1 Na5 35. Bxf7 Ne4 36. Nxe4 Kxf7 37. b4 Nb3 38. Rc6 d3 39. Rd6 d2
40. Kc2 Na1+ 41. Kc3 Rg2 42. Rxd2 Rg1 43. Kb2 Ke6 44. Rd3 Kf5 45. Nd6+ Kg4 46.
a4 h5 47. a5 bxa5 48. bxa5 Re1 49. a6 Re7 50. Kxa1 1-0

[Event "Wch Blitz"]
[Site "Moscow"]
[Date "2009.11.18"]
[Round "34"]
[White "Carlsen, Magnus"]
[Black "Karjakin, Sergey"]
[Result "1-0"]
[WhiteElo "2801"]
[BlackElo "2723"]
[PlyCount "139"]
[EventDate "2009.11.16"]
[EventType "tourn (blitz)"]
[EventRounds "42"]
[EventCountry "RUS"]
[EventCategory "19"]
[WhiteTeam "Egypt"]
[BlackTeam "Norway"]
[WhiteTeamCountry "EGY"]
[BlackTeamCountry "NOR"]

1. d4 d5 2. c4 c6 3. Nf3 Nf6 4. Nc3 a6 5. a4 e6 6. Bg5 Be7 7. e3 a5 8. Be2 O-O
9. O-O Na6 10. Qb3 Nb4 11. Na2 Nxa2 12. Qxa2 h6 13. Bf4 b6 14. Rac1 Bb7 15.
Rfd1 Nd7 16. h3 Rc8 17. cxd5 exd5 18. Qb1 Bb4 19. Qf5 Re8 20. Bd3 g6 21. Qg4
Bf8 22. Ne5 Nxe5 23. Bxe5 Bg7 24. f4 c5 25. f5 Qg5 26. Qxg5 hxg5 27. f6 Bf8 28.
Kf2 Re6 29. Be2 Rd8 30. Bg4 Rc6 31. Bf3 Rcc8 32. Kg3 Bd6 33. Bxd6 Rxd6 34. dxc5
bxc5 35. e4 Rxf6 36. exd5 Rd6 37. Rc3 f5 38. Rdc1 Bxd5 39. Rd3 f4+ 40. Kf2 Bxf3
41. Rxd6 Be4 42. Rd7 Rb8 43. Rxc5 Rxb2+ 44. Ke1 Rb8 45. Rxg5 Bf5 46. Ra7 Rb4
47. Rxa5 Kh7 48. Kf2 Kh6 49. Rgxf5 gxf5 50. Rxf5 Kg6 51. Ra5 Rb3 52. Rb5 Ra3
53. a5 Kf6 54. h4 Kg6 55. h5+ Kh6 56. Rf5 Kh7 57. Rxf4 Rxa5 58. g4 Kh6 59. Rf6+
Kg5 60. Rg6+ Kf4 61. h6 Ra2+ 62. Ke1 Rh2 63. g5 Ke3 64. Kf1 Kf3 65. Ke1 Ke3 66.
Kd1 Kd3 67. Rd6+ Ke4 68. Rd7 Rh5 69. h7 Kf4 70. g6 1-0

[Event "Wch Blitz"]
[Site "Moscow"]
[Date "2009.11.18"]
[Round "41"]
[White "Carlsen, Magnus"]
[Black "Jakovenko, Dmitrij"]
[Result "0-1"]
[WhiteElo "2801"]
[BlackElo "2736"]
[PlyCount "126"]
[EventDate "2009.11.16"]
[EventType "tourn (blitz)"]
[EventRounds "42"]
[EventCountry "RUS"]
[EventCategory "19"]
[WhiteTeam "Egypt"]
[BlackTeam "Norway"]
[WhiteTeamCountry "EGY"]
[BlackTeamCountry "NOR"]

1. e4 e5 2. Nf3 Nc6 3. d4 exd4 4. Nxd4 Bc5 5. Nb3 Bb6 6. Qe2 d6 7. Be3 Nf6 8.
Nc3 Be6 9. O-O-O O-O 10. f3 Re8 11. Bxb6 axb6 12. Qd2 Nd7 13. Bb5 Nc5 14. Nd4
Bd7 15. Kb1 Nxd4 16. Qxd4 Bxb5 17. Nxb5 Qd7 18. c4 Ra4 19. Rhe1 Ne6 20. Qc3 Qc6
21. b3 Ra5 22. a4 Raa8 23. Rd5 h6 24. g3 Red8 25. h4 Qe8 26. Rdd1 Qe7 27. Nd4
Nxd4 28. Rxd4 Qe6 29. g4 Qf6 30. h5 Re8 31. Kb2 Re6 32. Rd5 Qh4 33. Re2 Rae8
34. Qe1 Qf6+ 35. Qc3 Qh4 36. Qe1 Qh3 37. Rd3 c6 38. Red2 d5 39. cxd5 cxd5 40.
e5 Rxe5 41. Qd1 Re1 42. Qc2 Qg3 43. Qc3 Rf1 44. Rc2 Qf4 45. Rxd5 Rxf3 46. Qd4
Qg3 47. Rd8 Rxb3+ 48. Ka2 Ra3+ 49. Kb2 Qb3+ 50. Kc1 Rxd8 51. Qxd8+ Kh7 52. Qc8
Ra1+ 53. Kd2 Qd5+ 54. Kc3 Qe5+ 55. Kb3 Rb1+ 56. Kc4 Qe4+ 57. Kc3 Qb4+ 58. Kd3
Rd1+ 59. Ke3 Qd4+ 60. Kf3 Qd3+ 61. Kg2 Qf1+ 62. Kg3 Rd3+ 63. Kh2 Rh3# 0-1

[Event "Wch Blitz"]
[Site "Moscow"]
[Date "2009.11.17"]
[Round "20"]
[White "Jakovenko, Dmitrij"]
[Black "Carlsen, Magnus"]
[Result "0-1"]
[WhiteElo "2736"]
[BlackElo "2801"]
[PlyCount "56"]
[EventDate "2009.11.16"]
[EventType "tourn (blitz)"]
[EventRounds "42"]
[EventCountry "RUS"]
[EventCategory "19"]
[WhiteTeam "Egypt"]
[BlackTeam "Norway"]
[WhiteTeamCountry "EGY"]
[BlackTeamCountry "NOR"]

1. d4 d5 2. c4 dxc4 3. Nf3 a6 4. e3 b5 5. b3 cxb3 6. Qxb3 e6 7. a4 b4 8. a5 Nf6
9. Bd2 c5 10. dxc5 Nc6 11. Bd3 Bxc5 12. O-O O-O 13. Rc1 Nxa5 14. Qc2 Be7 15.
Nd4 Bd7 16. Qa2 Nb7 17. Be2 Qb6 18. Bf3 a5 19. Nc6 Bd6 20. Qb2 Nc5 21. Ne5 Bxe5
22. Qxe5 Nd3 23. Qg5 Nxc1 24. Bxc1 Rac8 25. Bb2 Qc5 26. h4 Qxg5 27. hxg5 Nd5
28. Rxa5 Rc2 0-1

[Event "Wch Blitz"]
[Site "Moscow"]
[Date "2009.11.17"]
[Round "16"]
[White "Gelfand, Boris"]
[Black "Carlsen, Magnus"]
[Result "0-1"]
[WhiteElo "2758"]
[BlackElo "2801"]
[PlyCount "136"]
[EventDate "2009.11.16"]
[EventType "tourn (blitz)"]
[EventRounds "42"]
[EventCountry "RUS"]
[EventCategory "19"]
[WhiteTeam "Egypt"]
[BlackTeam "Norway"]
[WhiteTeamCountry "EGY"]
[BlackTeamCountry "NOR"]

1. d4 Nf6 2. Nf3 g6 3. Bg5 Bg7 4. Nbd2 c5 5. c3 O-O 6. e3 d6 7. Bd3 cxd4 8.
cxd4 Nc6 9. O-O Nb4 10. Be2 Bf5 11. Qb3 a5 12. Rac1 Be6 13. Bc4 Bxc4 14. Rxc4
b5 15. Rcc1 Qd7 16. Bxf6 Bxf6 17. a3 Na6 18. Ne4 Bg7 19. Rc2 a4 20. Qd5 Ra7 21.
Rfc1 Nc7 22. Qc6 Qxc6 23. Rxc6 Nd5 24. Nc3 Nxc3 25. bxc3 Rb8 26. Kf1 Bf8 27. d5
e6 28. Ke2 Rab7 29. Kd3 exd5 30. Nd4 Be7 31. Rb1 Bf6 32. Nc2 Re8 33. Nb4 Re5
34. f4 Rh5 35. h3 Kg7 36. Rxd6 Be7 37. Rc6 g5 38. Rf1 gxf4 39. Rxf4 Rg5 40. g4
Re5 41. Rf5 Re6 42. Rc8 Rd7 43. Nc2 Bf6 44. Nd4 Bxd4 45. cxd4 Rde7 46. Rf3 Rb6
47. Kc3 b4+ 48. axb4 Reb7 49. Rc5 Rxb4 50. Rxd5 Rb3+ 51. Kd2 Ra7 52. Rf1 a3 53.
Rc5 a2 54. Rcc1 Raa3 55. Ra1 Rd3+ 56. Kc2 Rxe3 57. Rfd1 Rxh3 58. d5 Rh2+ 59.
Rd2 Rxd2+ 60. Kxd2 Kf6 61. Kc2 Ke5 62. Kb2 Ra4 63. Re1+ Kxd5 64. Ka1 Rxg4 65.
Kxa2 Rb4 66. Rh1 f5 67. Rxh7 Ke4 68. Ka3 Rb6 0-1

[Event "Wch Blitz"]
[Site "Moscow"]
[Date "2009.11.17"]
[Round "15"]
[White "Naiditsch, Arkadij"]
[Black "Carlsen, Magnus"]
[Result "0-1"]
[WhiteElo "2689"]
[BlackElo "2801"]
[PlyCount "128"]
[EventDate "2009.11.16"]
[EventType "tourn (blitz)"]
[EventRounds "42"]
[EventCountry "RUS"]
[EventCategory "19"]
[WhiteTeam "Egypt"]
[BlackTeam "Norway"]
[WhiteTeamCountry "EGY"]
[BlackTeamCountry "NOR"]

1. e4 e5 2. Nf3 Nc6 3. Bb5 a6 4. Bxc6 dxc6 5. O-O Ne7 6. Nxe5 Qd4 7. Qh5 g6 8.
Nf3 Qxe4 9. Qa5 Bg4 10. Re1 Qd5 11. Qxd5 cxd5 12. Ne5 Be6 13. d4 Nf5 14. c3 Bg7
15. Nd2 O-O 16. Ndf3 Nd6 17. Bf4 Rac8 18. Nd3 Ne4 19. Ng5 Nxg5 20. Bxg5 b6 21.
Nf4 Rce8 22. Nxe6 Rxe6 23. Bf4 Rc8 24. f3 c5 25. dxc5 bxc5 26. Rad1 a5 27. Kf2
d4 28. c4 a4 29. b3 Ra8 30. Rxe6 fxe6 31. Bd6 Bf8 32. Bxf8 Kxf8 33. Rd2 Ke7 34.
Ke2 Kd6 35. Kd3 axb3 36. axb3 Ra1 37. Rb2 Rd1+ 38. Ke4 Rc1 39. Kd3 Rc3+ 40. Kd2
g5 41. Rb1 h5 42. h3 Ke5 43. Re1+ Kf5 44. g4+ hxg4 45. fxg4+ Kf6 46. Rf1+ Ke7
47. Rh1 Rxb3 48. h4 gxh4 49. Rxh4 Kd6 50. Rh5 Rg3 51. Rg5 e5 52. Rg6+ Ke7 53.
Rc6 Rxg4 54. Rxc5 Ke6 55. Rc8 Rg2+ 56. Kd3 Rg3+ 57. Kd2 Rc3 58. Rc6+ Kf5 59.
Rc8 Ke4 60. Ke2 Rc2+ 61. Kd1 d3 62. c5 Ke3 63. c6 e4 64. c7 Rc3 0-1

[Event "Wch Blitz"]
[Site "Moscow"]
[Date "2009.11.17"]
[Round "27"]
[White "Morozevich, Alexander"]
[Black "Carlsen, Magnus"]
[Result "1-0"]
[WhiteElo "2750"]
[BlackElo "2801"]
[PlyCount "67"]
[EventDate "2009.11.16"]
[EventType "tourn (blitz)"]
[EventRounds "42"]
[EventCountry "RUS"]
[EventCategory "19"]
[WhiteTeam "Egypt"]
[BlackTeam "Norway"]
[WhiteTeamCountry "EGY"]
[BlackTeamCountry "NOR"]

1. d4 d5 2. c4 dxc4 3. e4 c5 4. d5 Nf6 5. Nc3 b5 6. Bf4 Qa5 7. a4 Nxe4 8. Nge2
Nd6 9. axb5 Qb6 10. Ng3 Nd7 11. Bxd6 exd6 12. Qe2+ Kd8 13. Qxc4 h5 14. Be2 h4
15. Nge4 Ne5 16. Qa4 h3 17. g3 c4 18. O-O Be7 19. Nd2 Bd7 20. Nxc4 Nxc4 21.
Qxc4 Bf6 22. Ra6 Qd4 23. b6 Ke7 24. Re1 Rhe8 25. b7 Rab8 26. Qc7 Be5 27. Bb5
Kf6 28. Ne4+ Kg6 29. Bxd7 Bxg3 30. Bxe8 Rxe8 31. Rxd6+ f6 32. Rxf6+ Kh5 33.
Qxg3 Rxe4 34. Qg6+ 1-0

[Event "Wch Blitz"]
[Site "Moscow"]
[Date "2009.11.17"]
[Round "24"]
[White "Carlsen, Magnus"]
[Black "Gashimov, Vugar"]
[Result "1-0"]
[WhiteElo "2801"]
[BlackElo "2758"]
[PlyCount "55"]
[EventDate "2009.11.16"]
[EventType "tourn (blitz)"]
[EventRounds "42"]
[EventCountry "RUS"]
[EventCategory "19"]
[WhiteTeam "Egypt"]
[BlackTeam "Norway"]
[WhiteTeamCountry "EGY"]
[BlackTeamCountry "NOR"]

1. Nf3 Nf6 2. c4 b6 3. d4 e6 4. g3 Ba6 5. b3 Bb4+ 6. Bd2 Be7 7. Bg2 Bb7 8. Nc3
O-O 9. O-O Re8 10. Qc2 d5 11. cxd5 exd5 12. Bf4 Na6 13. a3 c5 14. Rfd1 Nc7 15.
dxc5 bxc5 16. Nh4 Ne6 17. Be5 Qc8 18. Nf5 d4 19. Nxe7+ Rxe7 20. Bxf6 gxf6 21.
Bxb7 Qxb7 22. Ne4 d3 23. Qxd3 Rd8 24. Nxf6+ Kg7 25. Qf5 Rxd1+ 26. Rxd1 Qxb3 27.
Rd5 h6 28. Qh7+ 1-0

[Event "Wch Blitz"]
[Site "Moscow"]
[Date "2009.11.17"]
[Round "28"]
[White "Carlsen, Magnus"]
[Black "Svidler, Peter"]
[Result "1-0"]
[WhiteElo "2801"]
[BlackElo "2754"]
[PlyCount "93"]
[EventDate "2009.11.16"]
[EventType "tourn (blitz)"]
[EventRounds "42"]
[EventCountry "RUS"]
[EventCategory "19"]
[WhiteTeam "Egypt"]
[BlackTeam "Norway"]
[WhiteTeamCountry "EGY"]
[BlackTeamCountry "NOR"]

1. e4 c5 2. Nf3 e6 3. b3 a6 4. Bb2 d5 5. exd5 exd5 6. d4 Nf6 7. Be2 Nc6 8. O-O
cxd4 9. Nxd4 Bc5 10. Nxc6 bxc6 11. c4 O-O 12. cxd5 cxd5 13. Bf3 Be6 14. Nc3 Rc8
15. Rc1 d4 16. Ne2 d3 17. Bxf6 dxe2 18. Bxd8 exd1=Q 19. Rfxd1 Bxf2+ 20. Kxf2
Rxc1 21. Rxc1 Rxd8 22. Ke3 g5 23. Rc5 h6 24. Bb7 Rb8 25. Bxa6 Ra8 26. Rc6 Bd5
27. Rxh6 Kg7 28. Rd6 Bxg2 29. a4 f5 30. a5 Rh8 31. Bd3 f4+ 32. Kd4 f3 33. Rg6+
Kf7 34. Rxg5 Rd8+ 35. Rd5 Rxd5+ 36. Kxd5 f2+ 37. Kd6 f1=Q 38. Bxf1 Bxf1 39. b4
Ke8 40. h4 Be2 41. Kc7 Ke7 42. Kb6 Kd7 43. b5 Kc8 44. Kc5 Kb7 45. b6 Bf3 46.
Kd4 Ka6 47. Ke3 1-0

[Event "Wch Blitz"]
[Site "Moscow"]
[Date "2009.11.16"]
[Round "9"]
[White "Grischuk, Alexander"]
[Black "Carlsen, Magnus"]
[Result "0-1"]
[WhiteElo "2736"]
[BlackElo "2801"]
[PlyCount "150"]
[EventDate "2009.11.16"]
[EventType "tourn (blitz)"]
[EventRounds "42"]
[EventCountry "RUS"]
[EventCategory "19"]
[WhiteTeam "Egypt"]
[BlackTeam "Norway"]
[WhiteTeamCountry "EGY"]
[BlackTeamCountry "NOR"]

1. e4 c5 2. Nf3 Nc6 3. Bb5 e6 4. c3 d5 5. Qe2 Nge7 6. exd5 Nxd5 7. O-O Bd7 8.
d4 cxd4 9. cxd4 Be7 10. Nc3 O-O 11. Bd3 Rc8 12. Bd2 Bf6 13. Qe4 g6 14. Rad1
Nce7 15. Ne5 Bc6 16. Qg4 Nf5 17. Rfe1 Nxc3 18. bxc3 Bg7 19. Bxf5 exf5 20. Nxc6
Rxc6 21. Qf3 Qd7 22. Bf4 Rfc8 23. Rd3 Ra6 24. h4 Rxa2 25. h5 Ra6 26. d5 Ra4 27.
d6 Bf6 28. g3 Rac4 29. Be5 Re8 30. Qd5 Re4 31. Rxe4 fxe4 32. Bxf6 exd3 33. Qxd3
Re6 34. Be7 gxh5 35. Qd5 Rxe7 36. Qg5+ Kf8 37. dxe7+ Qxe7 38. Qxh5 Qe1+ 39. Kg2
Qxc3 40. Qxh7 Qc6+ 41. Kg1 Qd5 42. Qh8+ Ke7 43. Qh4+ Ke6 44. Qg4+ Kd6 45. Qb4+
Kc7 46. Qc3+ Kd7 47. Qa1 a5 48. Qa4+ Kd6 49. Qf4+ Kc6 50. Qc1+ Qc5 51. Qf4 Qd5
52. Qc1+ Kb5 53. Qb2+ Ka6 54. Qe2+ b5 55. Qe7 a4 56. Qb4 Kb6 57. Kh2 Qc5 58.
Qf4 Qc4 59. Qd6+ Ka5 60. Kg1 Qc3 61. Qd8+ Kb4 62. Qf8+ Kb3 63. Qxf7+ Kb2 64.
Qd7 Qb4 65. Qg7+ Ka2 66. g4 a3 67. g5 Qg4+ 68. Kh2 b4 69. g6 Qh4+ 70. Kg2 Qg4+
71. Kh2 Kb1 72. Qf7 a2 73. Qb3+ Ka1 74. Qf7 Kb2 75. Qf6+ Kb1 0-1